| 000 | 01041nam a22002651u 4500 | ||
|---|---|---|---|
| 001 | 12656 | ||
| 003 | HDC | ||
| 007 | cr bn --- | ||
| 008 | 210209p2002 my eng | ||
| 040 | _aHDC | ||
| 100 |
_aSon Radu, _eauthor _91374 |
||
| 245 | 0 |
_aCharacterization of Vibrio vulnificus isolated from retail cockle and shrimp by plasmid profiling and antibiotic susceptibility test / _cby Son Radu, Tg Ahbrizal Farizal Tg Ahmad and Sahilah Abdul Mutalib |
|
| 260 |
_aSerdang : _bMalaysian Agricultural Research and Development Institute (MARDI), _c2002 |
||
| 300 | _a1 page | ||
| 336 |
_atext _2rdacontent |
||
| 337 |
_acomputer _2rdamedia |
||
| 338 |
_aonline resource _2rdacarrier |
||
| 650 |
_aAntibiotic resistance _97452 |
||
| 650 |
_aPlasmid _913440 |
||
| 650 |
_aVibrio vulnificus _913439 |
||
| 856 | _zRequest full-text at [email protected] | ||
| 942 | _2lcc | ||
| 942 | _cAR | ||
| 942 | _kJART 003194 | ||
| 999 |
_c9979 _d9979 |
||